书目信息 |
| 题名: |
浙江民居
|
|
| 作者: | 李秋香 , 罗德胤 , 陈志华 , 楼庆西 著 | |
| 分册: | ||
| 出版信息: | 北京 清华大学出版社 2010.05 |
|
| 页数: | 293页 | |
| 开本: | 23cm | |
| 丛书名: | 中国古代建筑知识普及与传承系列丛书 | |
| 单 册: | ||
| 中图分类: | TU241.5 , K928.79 | |
| 科图分类: | ||
| 主题词: | 民居--建筑艺术--浙江省 | |
| 电子资源: | ||
| ISBN: | 978-7-302-22305-4 | |
| 000 | 00980nam 2200289 450 | |
| 001 | 1064679265 | |
| 005 | 20101112175944.93 | |
| 010 | @a978-7-302-22305-4@dCNY49.80 | |
| 100 | @a20101129d2010 km y0chiy0120 ea | |
| 101 | 0 | @achi |
| 102 | @aCN@b110000 | |
| 105 | @aa z 000yy | |
| 200 | 1 | @a浙江民居@Azhe jiang min ju@f李秋香 … [等] 著 |
| 210 | @a北京@c清华大学出版社@d2010.05 | |
| 215 | @a293页@c图@d23cm | |
| 225 | 2 | @a中国古代建筑知识普及与传承系列丛书@i中国民居五书 |
| 304 | @a著者还有:罗德胤、陈志华、楼庆西 | |
| 330 | @a本书介绍了浙江地区的民居,分为五个部分,内容包括:永嘉楠溪江中游住宅、建德新叶村居住建筑、武义俞源村住宅、武义郭洞村撷英、浙江峡口镇乡土住宅。 | |
| 606 | 0 | @a民居@x建筑艺术@y浙江省 |
| 690 | @aTU241.5@v4 | |
| 690 | @aK928.79@v4 | |
| 701 | 0 | @a李秋香@Ali qiu xiang@4著 |
| 701 | 0 | @a罗德胤@Aluo de yin@4著 |
| 701 | 0 | @a陈志华@Achen zhi hua@4著 |
| 701 | 0 | @a楼庆西@Alou qing xi@4著 |
| 801 | 0 | @aCN@c20101129 |
| 905 | @dTU241.5@eL2301 | |
| 浙江民居/李秋香 … [等] 著.-北京:清华大学出版社,2010.05 |
| 293页:图;23cm.-(中国古代建筑知识普及与传承系列丛书.中国民居五书) |
| ISBN 978-7-302-22305-4:CNY49.80 |
| 本书介绍了浙江地区的民居,分为五个部分,内容包括:永嘉楠溪江中游住宅、建德新叶村居住建筑、武义俞源村住宅、武义郭洞村撷英、浙江峡口镇乡土住宅。 |
| ● |
| 相关链接 |
|
|
|
正题名:浙江民居
索取号:TU241.5/L2301
 
预约/预借
| 序号 | 登录号 | 条形码 | 馆藏地/架位号 | 状态 | 备注 |
| 1 | 1033831 | 210338311 | 建筑库101/101建筑库 65排5列4层/ [索取号:TU241.5/L2301] | 在馆 | |
| 2 | 1033832 | 210338320 | 建筑与城市规划学院资料室/101建筑库 36排2列2层/ [索取号:TU241.5/L2301] | 在馆 | |
| 3 | 1033833 | 210338339 | 建筑库101/101建筑库 65排5列4层/ [索取号:TU241.5/L2301] | 在馆 |